[Event "Charlotte op"]
[Site "Charlotte"]
[Date "2024.01.13"]
[Round "1"]
[White "Karthik, Advaith"]
[Black "Cordova, Emilio"]
[Result "0-1"]
[WhiteElo "2124"]
[BlackElo "2563"]
[PlyCount "82"]
[EventDate "2024.01.05"]
[EventType "swiss"]
[EventRounds "6"]
[EventCountry "USA"]
[SourceTitle "CB04_2024"]
[SourceDate "2023.10.16"]
[SourceVersion "1"]
[SourceVersionDate "2023.10.16"]
[SourceQuality "1"]

1. d4 e6 2. c4 Bb4+ 3. Bd2 Bxd2+ 4. Qxd2 f5 5. g3 Nf6 6. Nc3 0-0 7. Bg2 d6 8. Nf3 Qe7 9. 0-0 c6 10. Rfe1 e5 11. c5 e4 12. cxd6 Qxd6 13. Ne5 Be6 14. f4 c5 15. e3 Rd8 16. Red1 Nc6 17. Qe1 Qe7 18. Ne2 Nb4 19. Qc3 c4 20. Qd2 Rac8 21. Nc3 a6 22. Qe2 Nd3 23. g4 b5 24. a3 Nxe5 25. fxe5 Nxg4 26. d5 Bf7 27. e6 Bh5 28. Qe1 Qg5 29. Qg3 Qxe3+ 30. Qxe3 Nxe3 31. Rd2 Rd6 32. Re1 Nxg2 33. Kxg2 Bf3+ 34. Kg3 g5 35. Kf2 Kg7 36. Ke3 Re8 37. Rg1 h6 38. h4 Kg6 39. hxg5 hxg5 40. Ne2 Kf6 41. Kd4 Rxd5+ 0-1

[Event "Charlotte CCCSA Fall IM-D"]
[Site "Charlotte"]
[Date "2023.11.21"]
[Round "9"]
[White "Dukic, Zachary"]
[Black "Karthik, Advaith"]
[Result "1-0"]
[WhiteElo "2233"]
[BlackElo "2156"]
[PlyCount "89"]
[EventDate "2023.11.17"]
[EventType "tourn"]
[EventRounds "9"]
[EventCountry "USA"]
[SourceTitle "CB48_2023"]
[SourceDate "2023.11.29"]
[SourceVersion "1"]
[SourceVersionDate "2023.11.29"]
[SourceQuality "1"]

1. e4 c5 2. Nf3 Nc6 3. d4 cxd4 4. Nxd4 Nf6 5. Nc3 e5 6. Ndb5 d6 7. Nd5 Nxd5 8. exd5 Ne7 9. c4 Nf5 10. Bd3 Be7 11. 0-0 0-0 12. a4 a6 13. Nc3 Bg5 14. a5 Bxc1 15. Qxc1 Nd4 16. Qe3 g5 17. h4 f5 18. Qxg5+ Qxg5 19. hxg5 f4 20. f3 Kh8 21. Kf2 Bf5 22. Bxf5 Nxf5 23. Ne4 Ng3 24. Nxg3 fxg3+ 25. Ke3 Rf5 26. Ra4 Rc8 27. Rb4 Rxg5 28. Rh1 h5 29. Rh4 Rc7 30. Rb6 Rd7 31. b4 Kg7 32. Ke4 Rc7 33. c5 dxc5 34. d6 Rd7 35. bxc5 Kf6 36. Rb1 Ke6 37. Rbh1 Rh7 38. Rg4 hxg4 39. Rxh7 gxf3 40. Re7+ Kf6 41. Kxf3 e4+ 42. Rxe4 Rxc5 43. Rd4 Rc8 44. Kxg3 Ke5 45. Rd3 1-0

[Event "Titled Tuesday intern op 18th Jul Early"]
[Site "Chess.com INT"]
[Date "2023.07.18"]
[Round "3"]
[White "Peiris, TSS"]
[Black "Karthik, Advaith"]
[Result "1-0"]
[WhiteElo "1838"]
[BlackElo "2094"]
[PlyCount "99"]
[EventDate "2023.07.18"]
[EventType "swiss (blitz)"]
[EventRounds "11"]
[EventCountry "USA"]
[SourceTitle "EXT 2024"]
[Source "ChessBase"]
[SourceDate "2023.10.10"]
[SourceVersion "1"]
[SourceVersionDate "2023.10.10"]
[SourceQuality "1"]

1. e4 c5 2. Nf3 Nc6 3. c3 Nf6 4. e5 Nd5 5. d4 cxd4 6. cxd4 d6 7. Bc4 e6 8. 0-0 Be7 9. Nc3 Nxc3 10. bxc3 dxe5 11. dxe5 Qxd1 12. Rxd1 0-0 13. Be3 b6 14. Bb5 Na5 15. h3 Rd8 16. Rxd8+ Bxd8 17. Rd1 Bb7 18. Nd4 Be7 19. Nb3 Nxb3 20. axb3 Rd8 21. Ra1 a6 22. Be2 b5 23. c4 bxc4 24. Bxc4 Bb4 25. Bxa6 Ra8 26. Ra4 Bxa6 27. Rxb4 h6 28. Ra4 Bb7 29. Rxa8+ Bxa8 30. Kf1 Kf8 31. g3 Ke8 32. Ke2 Kd7 33. Kd3 Bd5 34. b4 Kc6 35. Bc5 h5 36. Ke3 Bg2 37. h4 Kd5 38. Kf4 Bf1 39. Bd6 Be2 40. Kg5 Kc6 41. Bf8 g6 42. Kf6 Kd5 43. Bd6 Bg4 44. Kxf7 Bf5 45. Kf6 Kc6 46. Kg5 Be4 47. Kf4 Kd5 48. b5 Kc4 49. Kxe4 Kxb5 50. Kf4 1-0

[Event "Charlotte Super op"]
[Site "Charlotte"]
[Date "2023.07.13"]
[Round "8"]
[White "Karthik, Advaith"]
[Black "Homa, Seth"]
[Result "0-1"]
[WhiteElo "2094"]
[BlackElo "2213"]
[PlyCount "54"]
[EventDate "2023.07.09"]
[EventType "swiss"]
[EventRounds "9"]
[EventCountry "USA"]
[SourceTitle "CBM 215 Extra"]
[Source "ChessBase"]
[SourceDate "2023.09.30"]
[SourceVersion "1"]
[SourceVersionDate "2023.09.30"]
[SourceQuality "1"]

1. d4 Nf6 2. c4 g6 3. Nc3 Bg7 4. e4 d6 5. Nf3 0-0 6. Be2 e5 7. Be3 Ng4 8. Bg5 f6 9. Bh4 Nc6 10. d5 Ne7 11. Nd2 f5 12. Bxg4 fxg4 13. Bg5 h6 14. Be3 c5 15. a3 g5 16. b4 b6 17. g3 Ng6 18. Nf1 Qf6 19. Rg1 Bd7 20. b5 Nf4 21. Ra2 Rf7 22. Rc2 Qg6 23. Nd2 Raf8 24. Nb3 Qh5 25. Rh1 Qh3 26. Kd2 Ng2 27. Kc1 Nxe3 0-1

[Event "Charlotte Carolinas op"]
[Site "Charlotte"]
[Date "2023.06.10"]
[Round "3"]
[White "Karthik, Advaith"]
[Black "Margvelashvili, Giorgi"]
[Result "1/2-1/2"]
[WhiteElo "2073"]
[BlackElo "2532"]
[PlyCount "129"]
[EventDate "2023.06.09"]
[EventType "swiss"]
[EventRounds "5"]
[EventCountry "USA"]
[SourceTitle "CBM 214 Extra"]
[Source "ChessBase"]
[SourceDate "2023.07.31"]
[SourceVersion "1"]
[SourceVersionDate "2023.07.31"]
[SourceQuality "1"]

1. d4 Nf6 2. c4 c5 3. d5 e6 4. Nc3 d6 5. e4 g6 6. h3 Bg7 7. Nf3 0-0 8. Bd3 Na6 9. 0-0 Nc7 10. Re1 e5 11. Bf1 Nfe8 12. Bg5 Qd7 13. Qd2 f5 14. exf5 gxf5 15. Bh6 Kh8 16. Bxg7+ Qxg7 17. Qg5 Bd7 18. Qxg7+ Kxg7 19. g3 Rb8 20. Nd2 Nf6 21. a3 a5 22. Rad1 h5 23. h4 b5 24. cxb5 Bxb5 25. Bxb5 Nxb5 26. Nxb5 Rxb5 27. Nc4 Rd8 28. Re3 a4 29. Rd2 Ng4 30. Rc3 Kf6 31. f3 Nh6 32. Ne3 Rdb8 33. Nd1 R5b7 34. Rc4 Rg7 35. Rg2 Rbg8 36. Rxa4 Rxg3 37. Rxg3 Rxg3+ 38. Kf2 Rg8 39. Ra6 Nf7 40. Ne3 e4 41. fxe4 fxe4 42. Nc4 Rd8 43. Ke3 Kf5 44. Ra7 Nh6 45. Rg7 Ng4+ 46. Ke2 Ne5 47. Rg5+ Kf4 48. Ne3 Ng4 49. Rf5+ Kg3 50. Rxh5 Ne5 51. Rh6 Rb8 52. Nd1 Nc4 53. Rf6 Kxh4 54. Rf4+ Kg5 55. Rxe4 Nxb2 56. Nxb2 Rxb2+ 57. Kd3 Rb3+ 58. Kc4 Rxa3 59. Re6 Ra1 60. Rxd6 Rc1+ 61. Kb5 c4 62. Rc6 c3 63. Kb4 c2 64. Kb3 Rd1 65. Kxc2 1/2-1/2

[Event "Titled Tuesday intern op 02nd May Late"]
[Site "Chess.com INT"]
[Date "2023.05.02"]
[Round "5"]
[White "Ambartsumova, Karina"]
[Black "Karthik, Advaith"]
[Result "1-0"]
[WhiteElo "2393"]
[BlackElo "2075"]
[PlyCount "111"]
[EventDate "2023.05.02"]
[EventType "swiss (blitz)"]
[EventRounds "11"]
[EventCountry "USA"]
[SourceTitle "EXT 2024"]
[Source "ChessBase"]
[SourceDate "2023.10.10"]
[SourceVersion "1"]
[SourceVersionDate "2023.10.10"]
[SourceQuality "1"]

1. e4 c5 2. Nf3 Nc6 3. d4 cxd4 4. Nxd4 Nf6 5. Nc3 e5 6. Ndb5 d6 7. Nd5 Nxd5 8. exd5 Ne7 9. a4 Ng6 10. a5 a6 11. Nc3 Be7 12. Be3 0-0 13. Be2 f5 14. 0-0 Bg5 15. Qd2 h6 16. f3 Bxe3+ 17. Qxe3 Nf4 18. Qf2 Qg5 19. Kh1 Bd7 20. g3 Ng6 21. f4 Qf6 22. Bh5 Rac8 23. Rae1 e4 24. Bxg6 Qxg6 25. Qd4 Qf6 26. Rd1 Qxd4 27. Rxd4 Rc5 28. Ra1 Rfc8 29. Kg2 Be8 30. Kf2 Bf7 31. Ke3 Kf8 32. Ra3 g5 33. g4 fxg4 34. fxg5 hxg5 35. Rb3 R8c7 36. Rb6 Rd7 37. Rxe4 Bxd5 38. Rxg4 Bc6 39. Kd4 Rf7 40. b4 Rcf5 41. b5 Bxb5 42. Rxd6 Rf4+ 43. Rxf4 gxf4 44. Nxb5 f3 45. Kc5 f2 46. Rd1 f1Q 47. Rxf1 Rxf1 48. Nd6 Rf2 49. c4 Rxh2 50. Nxb7 Ke7 51. Kb6 Rh6+ 52. Kc7 Rh5 53. c5 Rg5 54. Kb6 Kd7 55. c6+ Ke7 56. Nc5 1-0

[Event "Titled Tuesday intern op 02nd May Late"]
[Site "Chess.com INT"]
[Date "2023.05.02"]
[Round "6"]
[White "Karthik, Advaith"]
[Black "Tsyhanchuk, Stanislav"]
[Result "0-1"]
[WhiteElo "2075"]
[BlackElo "2273"]
[PlyCount "70"]
[EventDate "2023.05.02"]
[EventType "swiss (blitz)"]
[EventRounds "11"]
[EventCountry "USA"]
[SourceTitle "EXT 2024"]
[Source "ChessBase"]
[SourceDate "2023.10.10"]
[SourceVersion "1"]
[SourceVersionDate "2023.10.10"]
[SourceQuality "1"]

1. d4 Nf6 2. c4 e6 3. g3 d5 4. Bg2 Nc6 5. Nf3 dxc4 6. 0-0 Rb8 7. a4 a6 8. Bf4 b5 9. axb5 axb5 10. Nc3 Be7 11. Ne5 Nxe5 12. dxe5 Nd7 13. Bc6 b4 14. Ne4 0-0 15. Qc2 c3 16. Rfd1 Rb6 17. Bxd7 Bxd7 18. Be3 cxb2 19. Qxb2 Rb5 20. Rac1 Rd5 21. Qb3 Qa8 22. Rxc7 Ba4 23. Rxd5 Bxb3 24. Rd4 Bd5 25. f3 Bd8 26. Rc2 Bb6 27. Rd3 Bxe3+ 28. Rxe3 Qa7 29. Kf2 Bxe4 30. fxe4 b3 31. Rb2 Rb8 32. Kf3 Qa3 33. Rb1 Qa2 34. Rc1 b2 35. Rb3 Qxb3+ 0-1

[Event "Titled Tuesday intern op 02nd May Late"]
[Site "Chess.com INT"]
[Date "2023.05.02"]
[Round "4"]
[White "Karthik, Advaith"]
[Black "Yan, Benjamin"]
[Result "1-0"]
[WhiteElo "2075"]
[BlackElo "2111"]
[PlyCount "103"]
[EventDate "2023.05.02"]
[EventType "swiss (blitz)"]
[EventRounds "11"]
[EventCountry "USA"]
[SourceTitle "EXT 2024"]
[Source "ChessBase"]
[SourceDate "2023.10.10"]
[SourceVersion "1"]
[SourceVersionDate "2023.10.10"]
[SourceQuality "1"]

1. d4 Nf6 2. c4 e6 3. g3 c6 4. Bg2 d5 5. Nf3 Be7 6. Qc2 0-0 7. 0-0 b6 8. Nbd2 Bb7 9. e4 dxe4 10. Nxe4 c5 11. Nxf6+ Bxf6 12. Ng5 Bxg5 13. Bxb7 Bxc1 14. Raxc1 Nd7 15. Bxa8 Qxa8 16. Rfd1 cxd4 17. Rxd4 Ne5 18. Re4 Nf3+ 19. Kg2 Ng5 20. f3 Nxe4 21. Qxe4 Qxe4 22. fxe4 Rd8 23. Rc2 Rd4 24. Kf3 Kf8 25. Ke3 e5 26. b4 Ke7 27. a3 h5 28. c5 bxc5 29. Rxc5 Kd6 30. Ra5 Rc4 31. Ra6+ Ke7 32. Rxa7+ Kf6 33. b5 Rc2 34. h4 Rc3+ 35. Kf2 Rc4 36. b6 Rc2+ 37. Ke3 Rc3+ 38. Kd2 Rb3 39. b7 g5 40. hxg5+ Kxg5 41. a4 f5 42. exf5 e4 43. a5 e3+ 44. Ke2 Kxf5 45. a6 Ke4 46. Ra8 Rb2+ 47. Ke1 Rb1+ 48. Ke2 Rb2+ 49. Kd1 Rb1+ 50. Kc2 e2 51. Re8+ Kf3 52. Kxb1 1-0

[Event "Charlotte op"]
[Site "Charlotte"]
[Date "2023.01.14"]
[Round "2"]
[White "Preotu, Razvan"]
[Black "Karthik, Advaith"]
[Result "1-0"]
[WhiteElo "2478"]
[BlackElo "2051"]
[PlyCount "105"]
[EventDate "2023.01.14"]
[EventType "swiss"]
[EventRounds "6"]
[EventCountry "USA"]
[SourceTitle "CBM 212 Extra"]
[Source "ChessBase"]
[SourceDate "2023.03.31"]
[SourceVersion "1"]
[SourceVersionDate "2023.03.31"]
[SourceQuality "1"]

1. e4 c5 2. Nf3 Nc6 3. Bb5 g6 4. 0-0 Bg7 5. Re1 e5 6. Bxc6 dxc6 7. d3 Qe7 8. Be3 Nf6 9. h3 Nd7 10. a4 Nf8 11. Na3 Ne6 12. c3 0-0 13. Nc4 Qc7 14. a5 h6 15. Qb1 Rd8 16. Rd1 Bd7 17. Qc1 Kh7 18. b4 cxb4 19. cxb4 Bc8 20. Rb1 Nd4 21. Nxd4 exd4 22. Bf4 Qe7 23. e5 Be6 24. Nd6 Bd5 25. Re1 b6 26. Bg3 f6 27. axb6 axb6 28. exf6 Qxf6 29. Nc4 b5 30. Nb6 Ra2 31. Nxd5 Rxd5 32. Ra1 Rxa1 33. Qxa1 Qf5 34. Re4 Rd7 35. Qa6 Qd5 36. Qc8 Rd8 37. Qg4 Rd7 38. Re6 Qf5 39. Qxf5 gxf5 40. Rxc6 Bf8 41. Be5 Bxb4 42. Rb6 Rd5 43. f4 Bc3 44. g4 fxg4 45. hxg4 b4 46. Kg2 Rd8 47. Kf3 Rg8 48. Rb7+ Kg6 49. f5+ Kg5 50. Rb6 h5 51. Bf6+ Kh6 52. g5+ Rxg5 53. Bd8+ 1-0

[Event "Titled Tuesday intern op 03rd Jan Late"]
[Site "Chess.com INT"]
[Date "2023.01.03"]
[Round "4"]
[White "Karthik, Advaith"]
[Black "Gaehwiler, Gabriel"]
[Result "1-0"]
[WhiteElo "2051"]
[BlackElo "2408"]
[PlyCount "83"]
[EventDate "2023.01.03"]
[EventType "swiss (blitz)"]
[EventRounds "11"]
[EventCountry "USA"]
[SourceTitle "EXT 2024"]
[Source "ChessBase"]
[SourceDate "2023.10.10"]
[SourceVersion "1"]
[SourceVersionDate "2023.10.10"]
[SourceQuality "1"]

1. d4 Nf6 2. c4 g6 3. Nc3 Bg7 4. e4 0-0 5. Nf3 d6 6. Be2 e5 7. Be3 Ng4 8. Bg5 f6 9. Bh4 Nc6 10. d5 Ne7 11. Nd2 h5 12. b4 a5 13. bxa5 Nh6 14. f3 c5 15. Nb3 g5 16. Bf2 Ng6 17. Qd2 Bd7 18. Nb5 Qe7 19. Rb1 f5 20. Nc7 Rac8 21. Ne6 Bxe6 22. dxe6 fxe4 23. fxe4 Nf4 24. g3 Nxe6 25. 0-0 g4 26. Be3 Nf7 27. Qd5 Kh7 28. Rf5 Kg6 29. Rbf1 Nd4 30. Nxd4 cxd4 31. Bd2 Rc6 32. Bb4 Nh6 33. Rxf8 Bxf8 34. a6 Rxa6 35. c5 dxc5 36. Bxa6 bxa6 37. Qc6+ Kg7 38. Ba5 Nf7 39. Bc7 Ng5 40. Qd5 Nf3+ 41. Rxf3 Qg5 42. Qxe5+ 1-0

[Event "Titled Tuesday intern op 03rd Jan Late"]
[Site "Chess.com INT"]
[Date "2023.01.03"]
[Round "5"]
[White "Karthik, Advaith"]
[Black "Levitsky, Andrey"]
[Result "1/2-1/2"]
[WhiteElo "2051"]
[BlackElo "2318"]
[PlyCount "114"]
[EventDate "2023.01.03"]
[EventType "swiss (blitz)"]
[EventRounds "11"]
[EventCountry "USA"]
[SourceTitle "EXT 2024"]
[Source "ChessBase"]
[SourceDate "2023.10.10"]
[SourceVersion "1"]
[SourceVersionDate "2023.10.10"]
[SourceQuality "1"]

1. d4 Nf6 2. c4 e6 3. Nc3 Bb4 4. e3 0-0 5. Bd3 d5 6. Nge2 c5 7. cxd5 Nxd5 8. 0-0 cxd4 9. exd4 Nc6 10. Nxd5 Qxd5 11. Be3 e5 12. dxe5 Qxe5 13. Qb3 Be6 14. Qc2 h6 15. Nf4 Bd6 16. Bh7+ Kh8 17. Qe4 Qf6 18. Nxe6 fxe6 19. Bg6 Qxb2 20. Rab1 Qe5 21. Qxe5 Nxe5 22. Be4 Nc4 23. Bxb7 Nxe3 24. fxe3 Rxf1+ 25. Kxf1 Rb8 26. h3 g5 27. Rb3 Kg7 28. Ke2 Kf6 29. Kd3 Bc5 30. Be4 Rd8+ 31. Ke2 Bb6 32. Rd3 Rc8 33. Rd7 Rc4 34. Bd3 Ra4 35. Bb1 Rb4 36. Rd1 Rb2+ 37. Kf3 h5 38. g4 h4 39. Rh1 Ke5 40. a4 a5 41. Bd3 Ra2 42. Bb5 Ra3 43. Re1 Bc5 44. Re2 Ra1 45. Kg2 Ke4 46. Bc6+ Kd3 47. Bb5+ Ke4 48. Bc6+ Ke5 49. Bb5 Ra3 50. Kf3 Bb4 51. Rc2 Ra1 52. Kg2 Re1 53. Kf3 Rh1 54. Kg2 Rd1 55. Kf3 Ra1 56. Re2 Ra3 57. Rc2 Ra1 1/2-1/2

[Event "Titled Tuesday intern op 03rd Jan Late"]
[Site "Chess.com INT"]
[Date "2023.01.03"]
[Round "8"]
[White "Karthik, Advaith"]
[Black "Martynov, Pavel"]
[Result "0-1"]
[WhiteElo "2051"]
[BlackElo "2414"]
[PlyCount "54"]
[EventDate "2023.01.03"]
[EventType "swiss (blitz)"]
[EventRounds "11"]
[EventCountry "USA"]
[SourceTitle "EXT 2024"]
[Source "ChessBase"]
[SourceDate "2023.10.10"]
[SourceVersion "1"]
[SourceVersionDate "2023.10.10"]
[SourceQuality "1"]

1. d4 d5 2. c4 e6 3. Nc3 c5 4. cxd5 exd5 5. Nf3 Nc6 6. Bg5 Be7 7. Bxe7 Ngxe7 8. e3 c4 9. e4 Be6 10. exd5 Nxd5 11. Rc1 0-0 12. Bxc4 Nxc3 13. Rxc3 Bxc4 14. Rxc4 Qa5+ 15. Qd2 Rfe8+ 16. Kf1 Qa6 17. Qd3 Nb4 18. Qb3 Rac8 19. Nd2 Qe6 20. g3 Qe2+ 21. Kg2 Nd3 22. Rxc8 Rxc8 23. Qxb7 Qxf2+ 24. Kh3 Rf8 25. Ne4 Qf3 26. Nf6+ Qxf6 27. Kg2 Qf2+ 0-1

[Event "Titled Tuesday intern op 03rd Jan Late"]
[Site "Chess.com INT"]
[Date "2023.01.03"]
[Round "3"]
[White "Martinez Martin, David"]
[Black "Karthik, Advaith"]
[Result "0-1"]
[WhiteElo "2385"]
[BlackElo "2051"]
[PlyCount "110"]
[EventDate "2023.01.03"]
[EventType "swiss (blitz)"]
[EventRounds "11"]
[EventCountry "USA"]
[SourceTitle "EXT 2024"]
[Source "ChessBase"]
[SourceDate "2023.10.10"]
[SourceVersion "1"]
[SourceVersionDate "2023.10.10"]
[SourceQuality "1"]

1. e4 c5 2. Nf3 Nc6 3. Nc3 e5 4. Bc4 g6 5. d3 Bg7 6. Ng5 Nh6 7. h4 f6 8. Nh3 Nf7 9. h5 d6 10. f4 Qe7 11. Nd5 Qd8 12. c3 Na5 13. Bb5+ Bd7 14. Bxd7+ Qxd7 15. h6 Nxh6 16. fxe5 Ng4 17. exf6 Nxf6 18. Nhf4 0-0-0 19. 0-0 Nc6 20. a3 Nxd5 21. Nxd5 Rdf8 22. Bf4 Be5 23. Qd2 Qg4 24. Rf3 Bxf4 25. Rxf4 Rxf4 26. Qxf4 Qxf4 27. Nxf4 Ne7 28. Rf1 Rf8 29. Rf3 Kd7 30. d4 cxd4 31. cxd4 Nc6 32. Ne2 Re8 33. Rf7+ Re7 34. Rxe7+ Kxe7 35. Kf2 Kf6 36. Ke3 h5 37. Nf4 Ne7 38. b4 h4 39. b5 g5 40. Nh3 g4 41. Nf4 Ng6 42. Nd3 Kg5 43. Nf2 Nf4 44. e5 dxe5 45. dxe5 Nxg2+ 46. Ke4 Nf4 47. Nd1 h3 48. Nf2 g3 49. Nxh3+ Nxh3 50. Kf3 Kf5 51. Kxg3 Ng5 52. Kf2 Kxe5 53. Ke3 Kd5 54. Kd3 Kc5 55. a4 Kb4 0-1

[Event "Titled Tuesday intern op 03rd Jan Late"]
[Site "Chess.com INT"]
[Date "2023.01.03"]
[Round "6"]
[White "Sargsyan, Anna M"]
[Black "Karthik, Advaith"]
[Result "1-0"]
[WhiteElo "2361"]
[BlackElo "2051"]
[PlyCount "115"]
[EventDate "2023.01.03"]
[EventType "swiss (blitz)"]
[EventRounds "11"]
[EventCountry "USA"]
[SourceTitle "EXT 2024"]
[Source "ChessBase"]
[SourceDate "2023.10.10"]
[SourceVersion "1"]
[SourceVersionDate "2023.10.10"]
[SourceQuality "1"]

1. d4 Nf6 2. c4 e6 3. Nf3 b6 4. g3 Bb7 5. Bg2 Be7 6. 0-0 0-0 7. d5 Na6 8. Nc3 Bb4 9. Bd2 exd5 10. Nh4 Nc5 11. cxd5 Bxc3 12. Bxc3 Nce4 13. Qd3 Re8 14. Rac1 Rb8 15. Bd4 d6 16. b4 g6 17. f3 Ng5 18. e4 h5 19. Qc3 Ngh7 20. Qxc7 Qxc7 21. Rxc7 Rec8 22. Rfc1 Ne8 23. Rxc8 Rxc8 24. Rxc8 Bxc8 25. Bf1 Bd7 26. Kf2 Nef6 27. Ng2 Kf8 28. Ne3 Ke7 29. Ba6 Ba4 30. Ke2 Nf8 31. Kd2 N6d7 32. Bf1 Ne5 33. Be2 Nfd7 34. f4 Ng4 35. Nxg4 hxg4 36. Bxg4 Nf6 37. Bxf6+ Kxf6 38. a3 Bb5 39. Ke3 a5 40. bxa5 bxa5 41. Kd4 Ke7 42. e5 Bf1 43. Bf3 Ba6 44. Be4 Bb7 45. Bd3 Bc8 46. Bb5 Bf5 47. Bc6 Bc2 48. Kc4 Bd1 49. Kb5 a4 50. Kb4 Bb3 51. Ka5 dxe5 52. fxe5 f6 53. d6+ Ke6 54. d7 Ke7 55. exf6+ Kd8 56. Bxa4 Be6 57. Kb6 Bxd7 58. Bxd7 1-0

[Event "Titled Tuesday intern op 26th Jul Early"]
[Site "Chess.com INT"]
[Date "2022.07.26"]
[Round "6"]
[White "Karthik, Advaith"]
[Black "Prieto Aranguren, Alain"]
[Result "1-0"]
[WhiteElo "2103"]
[BlackElo "2254"]
[PlyCount "79"]
[EventDate "2022.07.26"]
[EventType "swiss (blitz)"]
[EventRounds "11"]
[EventCountry "USA"]
[SourceTitle "EXT 2023"]
[Source "ChessBase"]
[SourceDate "2022.10.05"]
[SourceVersion "1"]
[SourceVersionDate "2022.10.05"]
[SourceQuality "1"]

1. d4 Nf6 2. c4 g6 3. Nc3 Bg7 4. e4 0-0 5. Nf3 d6 6. Be2 e5 7. Be3 exd4 8. Nxd4 Re8 9. f3 c6 10. Bf2 d5 11. exd5 cxd5 12. c5 Nc6 13. 0-0 Nh5 14. Qd2 Be5 15. g3 Ng7 16. Rad1 Nxd4 17. Bxd4 Bxd4+ 18. Qxd4 Be6 19. Bd3 Rc8 20. Rfe1 Qc7 21. b4 b6 22. Nb5 Qc6 23. Nxa7 Qa8 24. Nxc8 Rxc8 25. cxb6 Qxa2 26. Rc1 Qd2 27. Rxc8+ Bxc8 28. Qe3 Qxb4 29. Rc1 Bh3 30. Bf1 Be6 31. Qc5 Qb2 32. Rd1 h5 33. Qb5 Qc2 34. b7 Qxd1 35. b8Q+ Kh7 36. Qe2 Qa1 37. Qbe5 Qa7+ 38. Q2e3 Qa2 39. Q3d4 Nf5 40. Qh8# 1-0

[Event "Charlotte Carolinas op"]
[Site "Charlotte"]
[Date "2022.06.11"]
[Round "2"]
[White "Moradiabadi, Elshan"]
[Black "Karthik, Advaith"]
[Result "1-0"]
[WhiteElo "2535"]
[BlackElo "2081"]
[PlyCount "39"]
[EventDate "2022.06.10"]
[EventType "swiss"]
[EventRounds "5"]
[EventCountry "USA"]
[SourceTitle "CBM 208 Extra"]
[Source "ChessBase"]
[SourceDate "2022.07.31"]
[SourceVersion "1"]
[SourceVersionDate "2022.07.31"]
[SourceQuality "1"]

1. c4 Nf6 2. Nc3 e6 3. e4 d5 4. e5 d4 5. exf6 dxc3 6. bxc3 Qxf6 7. Nf3 b6 8. g3 Bb7 9. Bg2 Bd6 10. d4 h6 11. Qd3 0-0 12. Ng5 hxg5 13. Bxb7 Nd7 14. Bxa8 Rxa8 15. 0-0 Rd8 16. Qe4 c5 17. Be3 e5 18. Rad1 Rc8 19. Qg4 exd4 20. Bxg5 1-0

[Event "Charlotte Carolinas op"]
[Site "Charlotte"]
[Date "2021.06.20"]
[Round "5"]
[White "Ishee, Mark"]
[Black "Karthik, Advaith"]
[Result "0-1"]
[WhiteElo "2180"]
[BlackElo "1828"]
[PlyCount "108"]
[EventDate "2021.06.18"]
[EventType "swiss"]
[EventRounds "5"]
[EventCountry "USA"]
[SourceTitle "CBM 203 Extra"]
[Source "ChessBase"]
[SourceDate "2021.09.30"]
[SourceVersion "1"]
[SourceVersionDate "2021.09.30"]
[SourceQuality "1"]

1. d4 Nf6 2. c4 e6 3. Nf3 b6 4. Bf4 Bb7 5. e3 Be7 6. h3 d6 7. Nc3 Ne4 8. Nxe4 Bxe4 9. Bd3 Bb7 10. Qc2 h6 11. Rd1 Nd7 12. e4 Qc8 13. 0-0 c5 14. d5 e5 15. Bd2 Nf8 16. Kh2 Qd8 17. Ng1 Bc8 18. f4 exf4 19. Bxf4 Ng6 20. Bg3 Bh4 21. Qf2 Bxg3+ 22. Qxg3 0-0 23. Nf3 Re8 24. Rde1 Ne5 25. Nxe5 Rxe5 26. Rf4 a6 27. Ref1 Ra7 28. Qf2 Qe8 29. Qc2 Rae7 30. Qb3 Qd8 31. Qa4 Qd7 32. Qb3 Qc7 33. a3 Bd7 34. Qc2 b5 35. Rc1 Qa5 36. Qb1 b4 37. axb4 Qxb4 38. Qc2 Ba4 39. Qc3 Rb7 40. Qxb4 Rxb4 41. Ra1 a5 42. b3 Bxb3 43. Rxa5 Bxc4 44. Bxc4 Rxc4 45. Ra8+ Kh7 46. Rxf7 Rcxe4 47. Raa7 Rg5 48. Rfd7 Re2 49. h4 Rexg2+ 50. Kh1 Rg1+ 51. Kh2 R5g2+ 52. Kh3 Rg6 53. Kh2 R1g2+ 54. Kh1 R2g4 0-1

[Event "US Masters op"]
[Site "Greensboro"]
[Date "2019.08.22"]
[Round "3"]
[White "Karthik, Advaith"]
[Black "Guo, Arthur"]
[Result "0-1"]
[WhiteElo "1836"]
[BlackElo "2346"]
[PlyCount "50"]
[EventDate "2019.08.21"]
[EventType "swiss"]
[EventRounds "9"]
[EventCountry "USA"]
[SourceTitle "EXT 2020"]
[Source "ChessBase"]
[SourceDate "2019.10.17"]
[SourceVersion "1"]
[SourceVersionDate "2019.10.17"]
[SourceQuality "1"]

1. d4 Nf6 2. c4 e6 3. Nc3 Bb4 4. e3 0-0 5. Bd3 d5 6. cxd5 exd5 7. Nge2 b6 8. 0-0 Bb7 9. Qc2 a5 10. Ng3 Re8 11. f3 Na6 12. a3 Bf8 13. Bd2 g6 14. Rae1 Bg7 15. e4 dxe4 16. fxe4 Ng4 17. Nce2 Bxd4+ 18. Nxd4 Qxd4+ 19. Be3 Nxe3 20. Qf2 Nf5 21. exf5 Qxd3 22. fxg6 Qxg6 23. Nf5 Be4 24. Re3 Qxf5 25. Rg3+ Kh8 0-1

[Event "North American-ch U20"]
[Site "Charlotte"]
[Date "2019.06.30"]
[Round "9"]
[White "Liang, Justin S"]
[Black "Karthik, Advaith"]
[Result "1/2-1/2"]
[WhiteElo "2020"]
[BlackElo "1795"]
[PlyCount "53"]
[EventDate "2019.06.26"]
[EventType "swiss"]
[EventRounds "9"]
[EventCountry "USA"]
[SourceTitle "CBM 191 Extra"]
[Source "ChessBase"]
[SourceDate "2019.09.30"]
[SourceVersion "1"]
[SourceVersionDate "2019.09.30"]
[SourceQuality "1"]

1. d4 Nf6 2. c4 e6 3. Nc3 Bb4 4. Qc2 c5 5. dxc5 0-0 6. Nf3 Qc7 7. a3 Bxc3+ 8. Qxc3 Qxc5 9. Be3 Qc7 10. Bd4 Ne4 11. Qc2 d5 12. e3 Nc6 13. cxd5 Qa5+ 14. b4 Qxd5 15. Bc4 Nxd4 16. Nxd4 Qe5 17. Rc1 Nf6 18. 0-0 Bd7 19. Qb3 Rac8 20. a4 Ne4 21. Qd3 Nf6 22. a5 Rfd8 23. Qe2 Bc6 24. a6 Bd5 25. axb7 Bxb7 26. Ra1 Rxc4 27. Qd2 1/2-1/2

[Event "North American-ch U20"]
[Site "Charlotte"]
[Date "2019.06.29"]
[Round "8"]
[White "Karthik, Advaith"]
[Black "Li, William"]
[Result "0-1"]
[WhiteElo "1795"]
[BlackElo "2135"]
[PlyCount "56"]
[EventDate "2019.06.26"]
[EventType "swiss"]
[EventRounds "9"]
[EventCountry "USA"]
[SourceTitle "CBM 191 Extra"]
[Source "ChessBase"]
[SourceDate "2019.09.30"]
[SourceVersion "1"]
[SourceVersionDate "2019.09.30"]
[SourceQuality "1"]

1. d4 Nf6 2. c4 b6 3. Nc3 Bb7 4. Nf3 d5 5. e3 g6 6. b3 Bg7 7. Bb2 0-0 8. Be2 Nbd7 9. 0-0 Re8 10. Qc2 Rc8 11. Rfd1 c6 12. Rac1 Qc7 13. Qb1 Qb8 14. h3 dxc4 15. bxc4 e5 16. d5 e4 17. Ne1 c5 18. Bf1 h5 19. h4 Ng4 20. g3 Nxe3 21. fxe3 Qxg3+ 22. Ng2 Ne5 23. Be2 Nf3+ 24. Kf1 Nh2+ 25. Kg1 Bh6 26. Nxe4 Bxe3+ 27. Kh1 Rxe4 28. Qxe4 Nf1 0-1